000 00855cab a2200265 4500
001 ABS57678
008 090401t1997 xxu||||| |||| 00| 0 eng d
035 _a(Sirsi) u81142
041 _aeng
100 _aAppleby, M.
245 _aQuality assurance - en route to environmental care
260 _c1997
350 _a0
490 _aRural Property Bulletin
_vJuly/August 1997, 20-22(3)
520 _aEmphasises the increasing importance of environmental considerations in the farming industry and looks at how quality assurance schemes can help promote such issues.
650 _aENVIRONMENTAL ISSUES
650 _aENVIRONMENTAL PROTECTION
650 _aFARM ASSURANCE SCHEMES
650 _aLAND MANAGEMENT
650 _aQUALITY ASSURANCE
650 _aSUSTAINABLE USE
690 _aRURAL PRACTICE
942 _n0
948 _c30/09/1997
999 _c51130
_d51130